[Event "Titled Tuesday intern op 01st Aug Early"]
[Site "Chess.com INT"]
[Date "2023.08.01"]
[Round "6"]
[White "Nasybullina, Alfia"]
[Black "Montano, Vicente Guadalupe"]
[Result "1-0"]
[WhiteElo "2045"]
[BlackElo "1734"]
[PlyCount "101"]
[EventDate "2023.08.01"]
[EventType "swiss (blitz)"]
[EventRounds "11"]
[EventCountry "USA"]
[SourceTitle "EXT 2024"]
[Source "ChessBase"]
[SourceDate "2023.10.10"]
[SourceVersion "1"]
[SourceVersionDate "2023.10.10"]
[SourceQuality "1"]

1. Nf3 d5 2. d4 c5 3. c3 Nc6 4. g3 Nf6 5. Bg2 Bg4 6. dxc5 e5 7. b4 Ne4 8. 0-0 a5 9. b5 Na7 10. Nxe5 Be6 11. c4 Bxc5 12. Ba3 Bxa3 13. Nxa3 0-0 14. Bxe4 dxe4 15. Qxd8 Rfxd8 16. Rfd1 f6 17. b6 Nc6 18. Nxc6 bxc6 19. Rxd8+ Rxd8 20. Rb1 Rb8 21. Rb2 Kf7 22. c5 Ke7 23. Nc2 Kd7 24. Nd4 g6 25. Rd2 Bd5 26. a3 Kc8 27. f3 exf3 28. exf3 Kd7 29. Kf2 Re8 30. Nc2 Kc8 31. Ne3 Re5 32. h4 Kb7 33. f4 Re4 34. Nxd5 cxd5 35. Rxd5 Kc6 36. Rd6+ Kxc5 37. b7 Re8 38. Rd7 Rb8 39. Rxh7 Kc6 40. Rf7 Rxb7 41. Rxf6+ Kd5 42. Rxg6 Rb2+ 43. Kf3 Rb3+ 44. Kg4 Rxa3 45. Rg5+ Ke4 46. Re5+ Kd4 47. h5 a4 48. h6 Ra1 49. h7 Rh1 50. Rh5 Rxh5 51. Kxh5 1-0

[Event "Aktobe Dvorkovich op"]
[Site "Aktobe"]
[Date "2023.06.22"]
[Round "3"]
[White "Nasybullina, Alfia"]
[Black "Urazayev, Arystanbek"]
[Result "0-1"]
[WhiteElo "2002"]
[BlackElo "2436"]
[PlyCount "100"]
[EventDate "2023.06.20"]
[EventType "swiss"]
[EventRounds "9"]
[EventCountry "KAZ"]
[SourceTitle "CBM 214 Extra"]
[Source "ChessBase"]
[SourceDate "2023.07.31"]
[SourceVersion "1"]
[SourceVersionDate "2023.07.31"]
[SourceQuality "1"]

1. Nf3 d5 2. g3 g6 3. Bg2 Bg7 4. 0-0 e5 5. d3 Ne7 6. e4 0-0 7. exd5 Nxd5 8. Re1 Nc6 9. Nc3 Nde7 10. a4 h6 11. a5 a6 12. Be3 Kh7 13. Bc5 Re8 14. Ra4 Nf5 15. Ne4 b6 16. axb6 cxb6 17. Be3 Nxe3 18. Rxe3 Bb7 19. Nc3 b5 20. Ra1 f5 21. Nd2 Qd6 22. h4 h5 23. Nf3 Bh6 24. Ng5+ Kg7 25. Qb1 Rad8 26. Qa2 Bxg5 27. hxg5 Nb4 28. Qb3 Bc8 29. Re2 Nc6 30. Rd2 Nd4 31. Qa2 Qe7 32. Qa5 Qxg5 33. Nd5 h4 34. Re1 hxg3 35. f4 Qh4 36. Rxe5 Rxe5 37. fxe5 Ne6 38. Qb4 Qxb4 39. Nxb4 f4 40. Nc6 Rh8 41. Rd1 Bb7 42. d4 Ng5 43. Rf1 Bxc6 44. Bxc6 Rh2 45. Bg2 f3 46. Rxf3 Nxf3+ 47. Bxf3 Rxc2 48. d5 Rc1+ 49. Kg2 Re1 50. d6 Kf8 0-1

[Event "Wch Blitz (Women)"]
[Site "Almaty"]
[Date "2022.12.30"]
[Round "11"]
[White "Foudzi, Sitii Zulaikha"]
[Black "Nasybullina, Alfia"]
[Result "0-1"]
[WhiteElo "2136"]
[BlackElo "1992"]
[PlyCount "152"]
[EventDate "2022.12.29"]
[EventType "swiss (blitz)"]
[EventRounds "17"]
[EventCountry "KAZ"]
[SourceTitle "CBM 211 Extra"]
[Source "ChessBase"]
[SourceDate "2023.01.31"]
[SourceVersion "1"]
[SourceVersionDate "2023.01.31"]
[SourceQuality "1"]

1. e4 e6 2. d4 d5 3. Nd2 c5 4. exd5 Qxd5 5. Ngf3 cxd4 6. Bc4 Qd6 7. 0-0 Nf6 8. Nb3 Nc6 9. Nbxd4 Nxd4 10. Nxd4 a6 11. Be2 Qc7 12. Bf3 Bd6 13. h3 0-0 14. c3 Rd8 15. Qe2 e5 16. Nb3 Bf5 17. g4 Be6 18. Re1 Bc4 19. Qe3 Re8 20. Nd2 Bc5 21. Qg5 Bd3 22. Ne4 Nxe4 23. Bxe4 Bxe4 24. Rxe4 Rad8 25. Be3 f6 26. Qf5 Bxe3 27. Rxe3 Rd2 28. g5 fxg5 29. Qxg5 Qf7 30. Rf1 Qf6 31. Rxe5 Qxg5+ 32. Rxg5 Rxb2 33. Rd1 Re7 34. a4 Rc2 35. Rd3 h6 36. Rg4 Re1+ 37. Kg2 Ree2 38. Rf3 Re7 39. Kg3 Rc7 40. Rb4 R2xc3 41. Rxc3 Rxc3+ 42. Kf4 Rc7 43. Rb6 Kf7 44. h4 Rc4+ 45. Ke5 Rxa4 46. h5 Ra5+ 47. Kf4 Rxh5 48. Rxb7+ Kg8 49. Ra7 Ra5 50. Kg4 Kh7 51. f4 Kg6 52. f5+ Rxf5 53. Rxa6+ Rf6 54. Ra5 Rb6 55. Kh4 Kf6 56. Kg4 g6 57. Kh4 Rb4+ 58. Kg3 h5 59. Ra6+ Kg5 60. Ra5+ Kh6 61. Kh3 Rf4 62. Kg3 Rf5 63. Ra4 Kg5 64. Kh3 Rf3+ 65. Kg2 Re3 66. Ra5+ Kf6 67. Ra6+ Kf5 68. Ra5+ Re5 69. Ra4 g5 70. Kg3 Re3+ 71. Kf2 Re5 72. Kg3 Rd5 73. Ra3 h4+ 74. Kh3 Re5 75. Rf3+ Kg6 76. Kg4 Re4+ 0-1

[Event "Wch Blitz (Women)"]
[Site "Almaty"]
[Date "2022.12.30"]
[Round "14"]
[White "Kirchei, Viktoriia"]
[Black "Nasybullina, Alfia"]
[Result "1-0"]
[WhiteElo "2005"]
[BlackElo "1992"]
[PlyCount "191"]
[EventDate "2022.12.29"]
[EventType "swiss (blitz)"]
[EventRounds "17"]
[EventCountry "KAZ"]
[SourceTitle "CBM 211 Extra"]
[Source "ChessBase"]
[SourceDate "2023.01.31"]
[SourceVersion "1"]
[SourceVersionDate "2023.01.31"]
[SourceQuality "1"]

1. e4 e6 2. d4 d5 3. Nd2 c5 4. exd5 Qxd5 5. dxc5 Bxc5 6. Ngf3 Nf6 7. Bc4 Qh5 8. Qe2 Nc6 9. Nb3 Bb6 10. 0-0 0-0 11. Bf4 Re8 12. Rad1 Qg4 13. Be3 Bc7 14. Bb5 e5 15. Qc4 e4 16. Nfd4 Nxd4 17. Bxd4 Bxh2+ 18. Kxh2 Qh4+ 19. Kg1 Ng4 20. Rfe1 Be6 21. Qc3 Qh2+ 22. Kf1 Rec8 23. Qd2 e3 24. Bxe3 Qh1+ 25. Ke2 Qxg2 26. Nd4 Bd5 27. Bd7 Rd8 28. Bxg4 Qxg4+ 29. Kd3 Be4+ 30. Kc3 Rac8+ 31. Kb3 Bd5+ 32. Ka3 Rd6 33. b3 Qg6 34. Kb2 Be4 35. c3 Rdd8 36. Qe2 a6 37. Nf3 Re8 38. Nd4 b5 39. Rg1 Qf6 40. Qg4 b4 41. Rc1 bxc3+ 42. Ka1 Bd3 43. Nc2 g6 44. Bd4 Qe6 45. Qxe6 Rxe6 46. Ne3 Rec6 47. Rgd1 Be4 48. Nc4 h5 49. Rxc3 Bd5 50. Rdc1 Be6 51. Ne5 Rxc3 52. Rxc3 Rd8 53. Be3 Rd1+ 54. Kb2 h4 55. Rd3 Rg1 56. Nf3 Rh1 57. Rd4 h3 58. Rh4 Rd1 59. Bd4 f6 60. Bxf6 Kf7 61. Bc3 Bf5 62. Ng5+ Ke7 63. Rh7+ Kd6 64. Nxh3 Rh1 65. Ng5 Rd1 66. Rh8 Kc5 67. Rb8 Kc6 68. Nf7 Rf1 69. Ne5+ Kd5 70. f3 Rf2+ 71. Ka3 Rc2 72. Bb2 Rf2 73. Rd8+ Ke6 74. Re8+ Kd5 75. Ra8 Bb1 76. Rxa6 Kc5 77. Nxg6 Rxf3 78. Ne5 Rf8 79. Rc6+ Kd5 80. Bc3 Re8 81. Ra6 Rg8 82. Ra5+ Ke4 83. Nc4 Rg2 84. Bb2 Kd3 85. Kb4 Kc2 86. Rc5 Kd3 87. a4 Ke4 88. a5 Bd3 89. Bc3 Rg8 90. a6 Rb8+ 91. Rb5 Ra8 92. Ka5 Rc8 93. a7 Ra8 94. Rb7 Kd5 95. Nb6+ Kc6 96. Rg7 1-0

[Event "Wch Blitz (Women)"]
[Site "Almaty"]
[Date "2022.12.30"]
[Round "17"]
[White "Nasybullina, Alfia"]
[Black "Kim, Kristina"]
[Result "1/2-1/2"]
[WhiteElo "1992"]
[BlackElo "1869"]
[PlyCount "144"]
[EventDate "2022.12.29"]
[EventType "swiss (blitz)"]
[EventRounds "17"]
[EventCountry "KAZ"]
[SourceTitle "CBM 211 Extra"]
[Source "ChessBase"]
[SourceDate "2023.01.31"]
[SourceVersion "1"]
[SourceVersionDate "2023.01.31"]
[SourceQuality "1"]

1. Nf3 f5 2. Nc3 g6 3. e4 d6 4. d4 Bg7 5. h3 Nc6 6. Bf4 e5 7. dxe5 dxe5 8. Qxd8+ Kxd8 9. 0-0-0+ Bd7 10. Bg5+ Nge7 11. Bb5 h6 12. Bxc6 bxc6 13. Be3 Ke8 14. Rd2 Be6 15. Rhd1 Kf7 16. Bc5 Bf6 17. Kb1 Nc8 18. b3 Nb6 19. Ba3 Rhe8 20. Bb2 Re7 21. a4 Rd7 22. a5 Rxd2 23. Rxd2 Nd7 24. Re2 Re8 25. Na4 f4 26. Rd2 g5 27. Ba3 h5 28. Nc5 Nxc5 29. Bxc5 g4 30. hxg4 hxg4 31. Ne1 a6 32. Nd3 Rh8 33. f3 g3 34. Bg1 Rh1 35. Rd1 Bc8 36. Kc1 Bg7 37. Nb4 Bf8 38. Nxc6 Ba3+ 39. Kd2 Kf6 40. Ke2 Bb7 41. Nd8 Bc8 42. c3 Bd6 43. Nc6 Bd7 44. Nb4 Bb5+ 45. c4 Bxb4 46. cxb5 Bxa5 47. bxa6 Rh8 48. Ra1 Bb6 49. Bxb6 cxb6 50. b4 Ke6 51. b5 Kd6 52. Rc1 Kd7 53. Rc6 Rb8 54. Rh6 Kc7 55. Re6 Kd7 56. Rxe5 Kd6 57. Rd5+ Ke6 58. Rf5 Rc8 59. Rxf4 Rc2+ 60. Ke1 Rxg2 61. Rg4 Ke5 62. a7 Ra2 63. Rxg3 Rxa7 64. Rg4 Ra2 65. Kf1 Rb2 66. Rg2 Rb3 67. Kf2 Rb2+ 68. Kg1 Rb1+ 69. Kh2 Kf4 70. Rg6 Kxf3 71. Rxb6 Kxe4 72. Kg3 Ke5 1/2-1/2

[Event "Wch Blitz (Women)"]
[Site "Almaty"]
[Date "2022.12.29"]
[Round "7"]
[White "Nasybullina, Alfia"]
[Black "Muminova, Nafisa"]
[Result "0-1"]
[WhiteElo "1992"]
[BlackElo "2258"]
[PlyCount "130"]
[EventDate "2022.12.29"]
[EventType "swiss (blitz)"]
[EventRounds "17"]
[EventCountry "KAZ"]
[SourceTitle "CBM 211 Extra"]
[Source "ChessBase"]
[SourceDate "2023.01.31"]
[SourceVersion "1"]
[SourceVersionDate "2023.01.31"]
[SourceQuality "1"]

1. Nf3 e6 2. g3 Nf6 3. Bg2 c5 4. c4 Be7 5. Nc3 d5 6. cxd5 exd5 7. d4 0-0 8. 0-0 Nc6 9. Bg5 Be6 10. Rc1 b6 11. e3 Rc8 12. Ne5 c4 13. Nxc6 Rxc6 14. Qa4 Rc7 15. Bf4 Rd7 16. b3 cxb3 17. Qxb3 Nh5 18. Be5 f6 19. Qd1 Bf7 20. Bf4 g5 21. g4 Nxf4 22. exf4 gxf4 23. Qd2 Qb8 24. Rfe1 Ba3 25. Rb1 Rc8 26. Ne2 Bd6 27. Rb5 Bc7 28. Rc1 a6 29. Rb3 Bd6 30. Rbc3 Rxc3 31. Qxc3 Rc7 32. Qd2 Rc4 33. Bf3 Kg7 34. h3 Qc7 35. Kg2 b5 36. Re1 Rc2 37. Qd3 Bg6 38. Qb3 Bf7 39. Bxd5 Bxd5+ 40. Qxd5 Qe7 41. Qf3 Bb4 42. Qd3 Rxa2 43. Rb1 Qxe2 44. Qxe2 Rxe2 45. Rxb4 Rd2 46. Kf3 Kf7 47. Kxf4 Rxf2+ 48. Ke3 Rh2 49. Rb1 Ke6 50. Ra1 Kd5 51. Rxa6 Rxh3+ 52. Kf4 Kxd4 53. Rxf6 b4 54. Rd6+ Kc5 55. Rd8 b3 56. Rb8 Kc4 57. g5 Kc3 58. Kg4 Rh1 59. Kf5 b2 60. Rc8+ Kd4 61. Rd8+ Kc3 62. Rc8+ Kd3 63. Rd8+ Kc4 64. Rc8+ Kd5 65. Rd8+ Kc6 0-1

[Event "Wch Rapid (Women)"]
[Site "Almaty"]
[Date "2022.12.27"]
[Round "6"]
[White "Nasybullina, Alfia"]
[Black "Gaponenko, Inna"]
[Result "1-0"]
[WhiteElo "2077"]
[BlackElo "2340"]
[PlyCount "57"]
[EventDate "2022.12.26"]
[EventType "swiss (rapid)"]
[EventRounds "11"]
[EventCountry "KAZ"]
[SourceTitle "CBM 211 Extra"]
[Source "ChessBase"]
[SourceDate "2023.01.31"]
[SourceVersion "1"]
[SourceVersionDate "2023.01.31"]
[SourceQuality "1"]

1. Nf3 Nf6 2. g3 g6 3. Bg2 Bg7 4. 0-0 0-0 5. d3 d6 6. e4 e5 7. h3 Nc6 8. g4 Kh8 9. Nbd2 Ng8 10. Nc4 f5 11. exf5 gxf5 12. gxf5 Bxf5 13. Ne3 Be6 14. Ng4 Nf6 15. Ng5 Bg8 16. Nxf6 Qxf6 17. Kh1 Nd4 18. f4 Nf5 19. Qg4 Qg6 20. Kh2 d5 21. Nf3 exf4 22. Qxg6 hxg6 23. Bxf4 c6 24. c3 Rae8 25. Rae1 Kh7 26. Be5 Bh6 27. d4 Ne3 28. Rf2 Nxg2 29. Kxg2 1-0

[Event "Wch Rapid (Women)"]
[Site "Almaty"]
[Date "2022.12.26"]
[Round "1"]
[White "Arabidze, Meri"]
[Black "Nasybullina, Alfia"]
[Result "0-1"]
[WhiteElo "2333"]
[BlackElo "2077"]
[PlyCount "102"]
[EventDate "2022.12.26"]
[EventType "swiss (rapid)"]
[EventRounds "11"]
[EventCountry "KAZ"]
[SourceTitle "CBM 211 Extra"]
[Source "ChessBase"]
[SourceDate "2023.01.31"]
[SourceVersion "1"]
[SourceVersionDate "2023.01.31"]
[SourceQuality "1"]

1. d4 Nf6 2. c4 c5 3. d5 e6 4. Nc3 exd5 5. cxd5 d6 6. e4 g6 7. Nge2 Bg7 8. Ng3 0-0 9. Be2 b6 10. 0-0 Ba6 11. Bg5 h6 12. Be3 Re8 13. f3 Bxe2 14. Qxe2 a6 15. a4 Nbd7 16. Rab1 Qc7 17. Rfc1 Ne5 18. b4 Qe7 19. Bf2 h5 20. Nf1 Nfd7 21. Ne3 Rec8 22. b5 c4 23. Rc2 Nd3 24. Bg3 h4 25. Be1 Nxe1 26. Qxe1 h3 27. Na2 hxg2 28. Nb4 Ne5 29. Qe2 axb5 30. axb5 Qf6 31. Kxg2 Ra3 32. Kh1 Nxf3 33. Rxc4 Rxc4 34. Nxc4 Ra1 35. Rxa1 Qxa1+ 36. Kg2 Nh4+ 37. Kh3 g5 38. Nc6 Ng6 39. Qf3 Qg1 40. Qg3 Qf1+ 41. Kg4 Qxc4 42. Qe3 Qf1 43. Kg3 Qf4+ 44. Qxf4 gxf4+ 45. Kf3 Kf8 46. Na7 Bd4 47. Kg4 Be3 48. Kf3 Ne5+ 49. Ke2 Bc5 50. Nc6 f3+ 51. Kd2 Nc4+ 0-1

[Event "Wch Rapid (Women)"]
[Site "Almaty"]
[Date "2022.12.26"]
[Round "2"]
[White "Nasybullina, Alfia"]
[Black "Danielian, Elina"]
[Result "0-1"]
[WhiteElo "2077"]
[BlackElo "2331"]
[PlyCount "66"]
[EventDate "2022.12.26"]
[EventType "swiss (rapid)"]
[EventRounds "11"]
[EventCountry "KAZ"]
[SourceTitle "CBM 211 Extra"]
[Source "ChessBase"]
[SourceDate "2023.01.31"]
[SourceVersion "1"]
[SourceVersionDate "2023.01.31"]
[SourceQuality "1"]

1. Nf3 d5 2. g3 Bg4 3. Ne5 Bf5 4. d4 e6 5. Bg2 Nd7 6. Nxd7 Qxd7 7. c4 c6 8. Nd2 Nf6 9. 0-0 Be7 10. b3 0-0 11. Bb2 a5 12. c5 h6 13. Nf3 Qc7 14. Ne5 b6 15. Rc1 Rfb8 16. e3 a4 17. bxa4 bxc5 18. Ba3 Ra5 19. Qd2 Rba8 20. f4 Rxa4 21. Bxc5 Rxa2 22. Qe1 Bxc5 23. Rxc5 R8a6 24. Qc1 Ng4 25. Nxg4 Bxg4 26. Qb1 Bf5 27. Qc1 Qb7 28. h3 Rb2 29. g4 Raa2 30. Bf3 Bd3 31. Re1 Rb1 32. Qc3 Rxe1+ 33. Qxe1 Qb2 0-1

[Event "Wch Rapid (Women)"]
[Site "Almaty"]
[Date "2022.12.26"]
[Round "4"]
[White "Nasybullina, Alfia"]
[Black "Osmak, Iulija"]
[Result "0-1"]
[WhiteElo "2077"]
[BlackElo "2328"]
[PlyCount "96"]
[EventDate "2022.12.26"]
[EventType "swiss (rapid)"]
[EventRounds "11"]
[EventCountry "KAZ"]
[SourceTitle "CBM 211 Extra"]
[Source "ChessBase"]
[SourceDate "2023.01.31"]
[SourceVersion "1"]
[SourceVersionDate "2023.01.31"]
[SourceQuality "1"]

1. Nf3 d5 2. g3 Nd7 3. d4 Nb6 4. Bg2 Nf6 5. 0-0 Bf5 6. Nbd2 e6 7. Nb3 Be7 8. Ne5 0-0 9. Nc5 Bxc5 10. dxc5 Nbd7 11. Nxd7 Nxd7 12. c4 c6 13. cxd5 exd5 14. Qd4 Re8 15. e3 Be4 16. f3 Bg6 17. Bd2 Qe7 18. b4 f6 19. Rae1 Rad8 20. g4 Ne5 21. h4 Bd3 22. Rf2 Bc4 23. Ra1 a5 24. a3 Ra8 25. h5 h6 26. Bh3 Nd3 27. Rh2 Qe5 28. Qxe5 Nxe5 29. Rf2 axb4 30. Bxb4 Nd3 31. Rd1 Rxe3 32. Rfd2 Nxb4 33. axb4 Rxf3 34. Bg2 Rg3 35. Kh2 Rxg4 36. Bf3 Rg5 37. Re1 Re5 38. Rg1 Ra2 39. Rxa2 Bxa2 40. Ra1 Bc4 41. Ra8+ Kf7 42. Rb8 Re7 43. Rd8 Be2 44. Kg2 Bxf3+ 45. Kxf3 g6 46. hxg6+ Kxg6 47. Rg8+ Kf5 48. Rh8 Re4 0-1